Normal view MARC view
  • Geodesy

Entry Topical Term

Number of records used in: 2

001 - CONTROL NUMBER

  • control field: 21121

003 - CONTROL NUMBER IDENTIFIER

  • control field: NUST

005 - DATE AND TIME OF LATEST TRANSACTION

  • control field: 20190923195604.0

008 - FIXED-LENGTH DATA ELEMENTS

  • fixed length control field: 190923|| aca||aabn | a|a d

040 ## - CATALOGING SOURCE

  • Original cataloging agency: NUST
  • Transcribing agency: NUST

150 ## - HEADING--TOPICAL TERM

  • Topical term or geographic name entry element: Geodesy
  • Form subdivision: Textbooks.

670 ## - SOURCE DATA FOUND

  • Source citation: Work cat.: (NUST)0: Hofmann-Wellenhof, B. 21120, Physical geodesy /, c2006.
© 2023 Central Library, National University of Sciences and Technology. All Rights Reserved.